RISK ANALYSIS AND INSURANCE PLANNING (Record no. 15185)

MARC details
000 -LEADER
fixed length control field 00283nam a2200109Ia 4500
008 - FIXED-LENGTH DATA ELEMENTS--GENERAL INFORMATION
fixed length control field 240624s9999 xx 000 0 und d
041 ## - LANGUAGE CODE
Language code of text/sound track or separate title eng
082 ## - DEWEY DECIMAL CLASSIFICATION NUMBER
Classification number 309 ICF
100 ## - MAIN ENTRY--PERSONAL NAME
Personal name ICFP
245 ## - TITLE STATEMENT
Title RISK ANALYSIS AND INSURANCE PLANNING
260 ## - PUBLICATION, DISTRIBUTION, ETC.
Date of publication, distribution, etc. 2009
Place of publication, distribution, etc. College of Financial Planning,2009
Holdings
Withdrawn status Lost status Damaged status Not for loan Home library Current library Shelving location Date acquired Full call number Barcode Date last seen Price effective from Koha item type
        IMTN IMTN Rack 5-B 05/24/2010 309 ICF 15185 06/24/2024 06/24/2024 Books
Designed & Maintained by: LRC IMT Nagpur Contact: lrc@imtnag.ac.in© 2024. All Rights Reserved.